Library Logo

Pioneer International University Library Catalogue

People Skills (Record no. 9751)

MARC details
000 -LEADER
fixed length control field 00473nam a22001577a 4500
003 - CONTROL NUMBER IDENTIFIER
control field OSt
005 - DATE AND TIME OF LATEST TRANSACTION
control field 20251030123912.0
008 - FIXED-LENGTH DATA ELEMENTS--GENERAL INFORMATION
fixed length control field 251030b |||||||| |||| 00| 0 eng d
020 ## - INTERNATIONAL STANDARD BOOK NUMBER
International Standard Book Number 9780671622480
040 ## - CATALOGING SOURCE
Transcribing agency Touchstone Book
050 ## - LIBRARY OF CONGRESS CALL NUMBER
Classification number BF 637 .B64 1979
245 ## - TITLE STATEMENT
Title People Skills
Remainder of title How to assert yourself, Listen to others and Resolve conflicts
Statement of responsibility, etc. Bolton, Robert
250 ## - EDITION STATEMENT
Edition statement First Touchstone edition
260 ## - PUBLICATION, DISTRIBUTION, ETC.
Place of publication, distribution, etc. New York
Name of publisher, distributor, etc. Simon & Schuster
Date of publication, distribution, etc. 1979
942 ## - ADDED ENTRY ELEMENTS (KOHA)
Source of classification or shelving scheme Dewey Decimal Classification
Koha item type Books
Suppress in OPAC No
Holdings
Withdrawn status Lost status Source of classification or shelving scheme Damaged status Not for loan Home library Current library Date acquired Total checkouts Barcode Date last seen Price effective from Koha item type
    Library of Congress Classification     PIU Library PIU Library 10/30/2025   PIUDMUR714 10/30/2025 10/30/2025 Books